000 01909cam a2200421 i 4500
001 21077824
003 OSt
005 20260318111242.0
006 m |o d |
007 cr |||||||||||
008 190710s2019 ilu ob 000 0 eng
010 _a 2019029420
020 _a9780830848379
_q(ebook)
020 _z9780830846634
_q(paperback)
035 _a21077824
040 _aDLC
_beng
_cDLC
_erda
_dDLC
042 _apcc
050 0 0 _aBV4637
082 0 0 _a248.4
_223
100 1 _aBooram, Beth,
_eauthor.
245 1 0 _aWhen faith becomes sight :
_bopening your eyes to God's presence all around you /
_cBeth A. Booram and David Booram.
264 1 _aDowners Grove, Illinois :
_bIVP, an imprint of InterVarsity Press,
_c2019.
300 _a1 online resource
336 _atext
_btxt
_2rdacontent
337 _acomputer
_bc
_2rdamedia
338 _aonline resource
_bcr
_2rdacarrier
504 _aIncludes bibliographical references.
520 _a"How can I more clearly recognize God's nearness and initiative in my life? As spiritual directors, Beth and David Booram have guided many people into deeper awareness of this living, present God at work within their lives. In this book they will help you learn to recognize God in and around you, reflect on your experience, and respond faithfully to God's presence and action in your life"--
_cProvided by publisher.
588 _aDescription based on print version record.
650 0 _aFaith.
650 0 _aVision
_xReligious aspects
_xChristianity.
650 0 _aSpirituality
_xChristianity.
700 1 _aBooram, David,
_d1955-
_eauthor.
776 0 8 _iPrint version:
_aBooram, Beth.
_tWhen faith becomes sight
_dDowners Grove, Illinois : IVP, an imprint of InterVarsity Press, 2019.
_z9780830846634
_w(DLC) 2019029419
906 _a7
_bcbc
_corignew
_d1
_eecip
_f20
_gy-gencatlg
942 _2lcc
_cBK
999 _c21537
_d21536